NHL:n suomalaiset: yhden kauden piste-ennätys - Statistics

Yleistilastot
  • Tätä visaa on pelattu 459 kertaa
    340 viimeisimmän päivityksen jälkeen
  • Keskiarvotulos 15 / 20
Vastaustilastot
Ennätys Pelaaja Joukkue Kausi % Oikein
135 Jari Kurri Edmonton Oilers 1984-1985
100%
132 Teemu Selänne Winnipeg Jets 1992-1993
100%
92 Mikko Rantanen Colorado Avalanche 2021-2022
98%
83 Sebastian Aho Carolina Hurricanes 2018-2019
98%
96 Aleksander Barkov Florida Panthers 2018-2019
97%
71 Mikko Koivu Minnesota Wild 2009-2010
94%
75 Saku Koivu Montréal Canadiens 2006-2007
94%
91 Olli Jokinen Florida Panthers 2006-2007
91%
70 Patrik Laine Winnipeg Jets 2017-2018
90%
76 Teuvo Teräväinen Carolina Hurricanes 2018-2019
89%
78 Esa Tikkanen Edmonton Oilers 1986-1987
87%
69 Mikael Granlund Minnesota Wild 2016-2017
87%
72 Roope Hintz Dallas Stars 2021-2022
86%
73 Reijo Ruotsalainen New York Rangers 1984-1985
64%
71 Christian Ruuttu Buffalo Sabres 1987-1988
56%
69 Sami Kapanen Carolina Hurricanes 2001-2002
55%
78 Petri Skriko Vancouver Canucks 1985-1986
43%
76 Ilkka Sinisalo Philadelphia Flyers 1985-1986
42%
76 Mikko Mäkelä New York Islanders 1987-1988
31%
68 Pekka Rautakallio Calgary Flames 1981-1982
20%
Ehtoja vastaavia visoja ei löytynyt
Tulosjakauma
Jokaisen tuloksen saaneiden osuus
Persentiili vastausten määrän mukaan
Tuloshistoriasi
Et ole pelannut tätä visaa sen viimeisimmän päivityksen jälkeen